| 000 | 00754nam a2200229 a 4500 | ||
|---|---|---|---|
| 005 | 20250221063806.0 | ||
| 008 | 180417s2013 es r 000 0 spa d | ||
| 020 | _a9788499214948 | ||
| 035 | _aUPN01000224143 | ||
| 049 | _aCG | ||
| 050 | 4 |
_aLC1200 _bA6.7 |
|
| 245 | 0 | 0 |
_aA propósito de la inclusión educativa : _buna mirada ampliada de lo escolar / _ccoord. María José Chisvert Tarazona. |
| 260 |
_aBarcelona, Esp. : _bOctaedro, _c2013. |
||
| 300 |
_a309 p. : _bgráfs., tablas |
||
| 440 | 0 | _aUniversidad | |
| 650 | 4 |
_aEducación inclusiva _97100 |
|
| 650 | 4 |
_aIntegración escolar _9306 |
|
| 650 | 4 |
_aIgualdad de oportunidades en educación _95002 |
|
| 700 | 1 |
_aChisvert Tarazona, María José, _ecoord. |
|
| 905 | _aLibro | ||
| 999 |
_c196240 _d196240 |
||